What is Each U.S. State Famous For?-Empty Map - Statistics

General Stats
  • This quiz has been taken 325 times
  • The average score is 34 of 50
Answers on the Map
Answers color-coded by a green-red scale on the quiz's map according to % correct below.
 
Answer Stats
Claim To Fame State % Correct
The Grand Canyon Arizona
92%
Cuban-American culture Florida
91%
Indianapolis 500 Indiana
91%
Great Salt Lake Utah
90%
Northern Lights Alaska
89%
Gambling Casinos Nevada
89%
Statue of Liberty New York
89%
The smallest state Rhode Island
89%
Mt. Rushmore South Dakota
89%
The Pacific Coast Highway California
88%
Home state of Barack Obama Hawaii
87%
Potatoes Idaho
86%
The Great Lakes Michigan
86%
Named for King George II of England Georgia
84%
Jazz Louisiana
84%
The first to ratify the U.S. Constitution Delaware
82%
The Space Needle Washington
80%
Lobster Maine
78%
Cape Cod Massachusetts
76%
The Alamo Texas
74%
Myrtle Beach South Carolina
73%
Maple Syrup Vermont
73%
Chesapeake Bay Maryland
71%
UConn basketball Connecticut
70%
Glacier National Park Montana
70%
Arlington Military Cemetary Virginia
70%
Home state of Bill Clinton Arkansas
69%
Bourbon Kentucky
68%
Gettysburg Pennsylvania
67%
Dairy Wisconsin
66%
Princeton University New Jersey
62%
Lake of the Ozarks Missouri
61%
Rock & Roll and Football Halls of Fame Ohio
59%
Pikes Peak Colorado
57%
Grand Ole Opry Tennessee
57%
The Crimson Tide Alabama
55%
The Badlands North Dakota
55%
Lake Shore Drive Illinois
54%
The Artist Formerly Known As Prince Minnesota
53%
Crater Lake Oregon
52%
Jackson Hole Wyoming
52%
The Blues Mississippi
51%
Has more hogs than humans Iowa
50%
Dodge City Kansas
50%
Great Smoky Mountains North Carolina
48%
Carlsbad Caverns New Mexico
47%
Home state of Marlon Brando, Henry Fonda, Warren Buffett, and Johnny Carson Nebraska
44%
National Cowbow Hall of Fame Oklahoma
44%
Harpers Ferry West Virginia
41%
White Mountain National Forest New Hampshire
39%
No matching quizzes found
Score Distribution
Percent of People with Each Score
Percentile by Number Answered
Your Score History
You have not taken this quiz